000 00654cam a22001935i 4500
999 _c56859
_d56859
001 20800351
005 20221118110549.0
008 181229s2018 eas 000 0 ger
020 _a9783954102334x
041 _ager
042 _apcc
080 _a32(430)+94 (479) D -73
100 1 _aDornfeldt, Matthias.
_91295
245 1 0 _aDeutschland und Georgien :
_bdie Geschichte der amtlichen Beziehungen /
_cMatthias Dornfeldt, Enrico Seewald.
264 1 _aBerlin :
_bBebra Wissenschaft Verlag,
_c[2018].
300 _a271 pages :
_billustrations ;
_c25 cm.
653 _aგერმანია და საქართველო
942 _2udc
_cBK